00725cam a2200205 a 450000100100000000500170001000800410002704000290006808200210009710000310011824500570014926000480020630000210025465000240027565000380029991000340033704900090037195201240038099900150050400000791220200929154340.0840214s1968 sp 000 f spa  aDO-SdBNPbspacLCdBNPHU aCu863.4bV712ó1 aVilla, Álvaro de.92169413aEl olor de la muerte que viene /cÁlvaro de Villa. aOviedo, España :bRichard Grandio,c1968. a427 p. ;c20 cm. 4aNovela cubana92316 4aLiteratura cubanaySIGLO XX99186 aCatalogación por copia / LC aBNGR 001052708MOaGRbGRcCTd2009-09-11iLF1l0oCu863.4 V712óp7912-10r2020-06-25w2020-06-25y2ZPréstamo interno c7690d7690